000 00383nam a2200157Ia 4500
003 0STCL
008 150530s9999 xx 000 0 und d
040 _aSTCL
_cSTCL
100 _aFenichel Robert, R.; Weizenbaum Joseph
245 _aComputers and computation
260 _bW.H.Freeman
_c1971
546 _aEnglish
942 _2ddc
_cBK
999 _c29843
_d29843
005 20220125170157.0